[Event "London Menchik Memorial 8th"]
[Site "London"]
[Date "2024.03.25"]
[Round "8"]
[White "Subramanian, Anusha"]
[Black "Steil Antoni, Fiona"]
[Result "1-0"]
[WhiteElo "1997"]
[BlackElo "2154"]
[PlyCount "91"]
[EventDate "2024.03.22"]
[EventType "tourn"]
[EventRounds "9"]
[EventCountry "ENG"]
[SourceTitle "CB13_2024"]
[SourceDate "2024.03.27"]
[SourceVersion "1"]
[SourceVersionDate "2024.03.27"]
[SourceQuality "1"]

1. e4 e5 2. Nf3 Nc6 3. g3 Bc5 4. Bg2 d6 5. c3 Nf6 6. d3 0-0 7. b4 Bb6 8. 0-0 a6 9. Nbd2 Be6 10. Re1 Ng4 11. Re2 f5 12. h3 Nf6 13. Ng5 Qe8 14. d4 Bd7 15. exf5 Bxf5 16. Nc4 Ba7 17. Qb3 Kh8 18. dxe5 Bd3 19. Bxc6 bxc6 20. Rd2 Bxc4 21. Qxc4 Qxe5 22. Qh4 h6 23. Rc2 Qe1+ 24. Kg2 Ng4 25. Bf4 Qxa1 26. hxg4 Qe1 27. Nf3 Qe4 28. Rc1 Rae8 29. g5 Qg6 30. gxh6 Rxf4 31. Qxf4 gxh6 32. Rh1 Kg7 33. Rh4 Kh7 34. Rg4 Qe6 35. Rh4 Kg7 36. Nd4 Qd5+ 37. Kh2 Bxd4 38. Qxh6+ Kf7 39. Rxd4 Qe5 40. Qh7+ Kf6 41. Rf4+ Kg5 42. Rh4 Qe2 43. Qh6+ Kf5 44. Rf4+ Ke5 45. Qf6+ Kd5 46. Rd4# 1-0

[Event "Quenza op 12th"]
[Site "Quenza"]
[Date "2023.07.23"]
[Round "4"]
[White "Steil Antoni, Fiona"]
[Black "Cristofari, Antoine"]
[Result "1-0"]
[WhiteElo "2159"]
[BlackElo "2017"]
[PlyCount "101"]
[EventDate "2023.07.23"]
[EventType "swiss"]
[EventRounds "9"]
[EventCountry "FRA"]
[SourceTitle "CBM 215 Extra"]
[Source "ChessBase"]
[SourceDate "2023.09.30"]
[SourceVersion "1"]
[SourceVersionDate "2023.09.30"]
[SourceQuality "1"]

1. e4 e5 2. Bc4 Nf6 3. d3 Nc6 4. Nc3 d6 5. f4 exf4 6. Bxf4 Be6 7. Nd5 Bxd5 8. exd5 Qe7+ 9. Qe2 Qxe2+ 10. Nxe2 Ne5 11. Bb5+ Nfd7 12. 0-0 f6 13. d4 Ng6 14. Bg3 0-0-0 15. a4 Nb6 16. c4 a6 17. a5 Nxd5 18. Bxa6 Ne3 19. Rf3 Nc2 20. Rc1 Nxd4 21. Bxb7+ Kxb7 22. Nxd4 Ne5 23. Rb3+ Ka6 24. Ne6 Rc8 25. c5 dxc5 26. Bxe5 fxe5 27. Nxc5+ Bxc5+ 28. Rxc5 Rhe8 29. Re3 Rb8 30. b3 Rb5 31. Rxc7 Kxa5 32. Rxg7 h5 33. h4 e4 34. Kh2 Rd5 35. Rg5 Rxg5 36. hxg5 Rg8 37. Rxe4 Rxg5 38. g3 Kb6 39. Kh3 Kc5 40. Kh4 Rd5 41. Ra4 Kd6 42. b4 Rd1 43. Kxh5 Rh1+ 44. Kg5 Kc6 45. Ra8 Rb1 46. Rd8 Rxb4 47. g4 Kc7 48. Rd2 Rb6 49. Kf5 Rd6 50. Rxd6 Kxd6 51. Kf6 1-0

[Event "FRA-chT Top 16 GpA"]
[Site "Chartres"]
[Date "2023.06.04"]
[Round "4.4"]
[White "Steil Antoni, Fiona"]
[Black "Olguin, Monica"]
[Result "1-0"]
[WhiteElo "2185"]
[BlackElo "1619"]
[PlyCount "62"]
[EventDate "2023.06.01"]
[EventType "team-tourn"]
[EventRounds "7"]
[EventCountry "FRA"]
[SourceTitle "CBM 214 Extra"]
[Source "ChessBase"]
[SourceDate "2023.07.31"]
[SourceVersion "1"]
[SourceVersionDate "2023.07.31"]
[SourceQuality "1"]
[WhiteTeam "Vandoeuvre"]
[BlackTeam "Strasbourg"]
[WhiteTeamCountry "FRA"]
[BlackTeamCountry "FRA"]

1. e4 e5 2. Nf3 Nf6 3. Nxe5 d6 4. Nf3 Nxe4 5. Bd3 Nc5 6. Be2 d5 7. d4 Ne4 8. 0-0 Bd6 9. c4 dxc4 10. Bxc4 0-0 11. Re1 Nf6 12. Bg5 Bg4 13. Qb3 Nc6 14. Nbd2 Na5 15. Qd3 Nxc4 16. Nxc4 Be7 17. Re5 Qd7 18. h3 Bxf3 19. Qxf3 b5 20. Na5 Rfe8 21. Nc6 Bd6 22. Bxf6 Bxe5 23. Bxe5 f6 24. Bg3 a6 25. Rc1 Rac8 26. d5 Ra8 27. b4 Qf7 28. Nd4 Rac8 29. Qf5 g6 30. Qf3 f5 31. Rc6 Qe7 1-0

[Event "BCF-chT 2223 (4NCL)"]
[Site "England"]
[Date "2022.10.23"]
[Round "2.1"]
[White "Steil Antoni, Fiona"]
[Black "Dias, Savin"]
[Result "1-0"]
[WhiteElo "2189"]
[BlackElo "2094"]
[PlyCount "51"]
[EventDate "2022.10.22"]
[EventType "team-swiss"]
[EventRounds "11"]
[EventCountry "ENG"]
[SourceTitle "CBM 210 Extra"]
[Source "ChessBase"]
[SourceDate "2022.11.30"]
[SourceVersion "1"]
[SourceVersionDate "2022.11.30"]
[SourceQuality "1"]
[WhiteTeam "Cheddleton"]
[BlackTeam "Wood Green Youth"]
[WhiteTeamCountry "ENG"]
[BlackTeamCountry "ENG"]

1. e4 c5 2. Nf3 g6 3. c3 Nf6 4. Bd3 Bg7 5. Bc2 Nc6 6. 0-0 d6 7. h3 0-0 8. Re1 e5 9. d4 Qb6 10. dxe5 dxe5 11. Na3 Be6 12. Qe2 Rad8 13. Be3 Qxb2 14. Bxc5 a6 15. Qe3 Bxa2 16. Reb1 Bxb1 17. Rxb1 Qxb1+ 18. Bxb1 Rd1+ 19. Kh2 Rfd8 20. Bc2 Ra1 21. Nc4 Nd7 22. Bd6 a5 23. Ba3 Bf8 24. Bb2 b5 25. Bxa1 bxc4 26. Ba4 1-0

[Event "Olympiad-44"]
[Site "Chennai"]
[Date "2022.08.08"]
[Round "10.3"]
[White "Steil Antoni, Fiona"]
[Black "Zilleruelo Irizarry, Diego"]
[Result "1-0"]
[WhiteElo "2218"]
[BlackElo "2081"]
[PlyCount "89"]
[EventDate "2022.07.29"]
[EventType "team-swiss"]
[EventRounds "11"]
[EventCountry "IND"]
[SourceTitle "CBM 210"]
[Source "ChessBase"]
[SourceDate "2022.10.31"]
[SourceVersion "1"]
[SourceVersionDate "2022.10.31"]
[SourceQuality "1"]
[WhiteTeam "Luxembourg"]
[BlackTeam "Puerto Rico"]
[WhiteTeamCountry "LUX"]
[BlackTeamCountry "PUR"]

1. e4 c6 2. d4 d5 3. e5 c5 4. dxc5 Nc6 5. a3 a5 6. Nc3 e6 7. Na4 Qh4 8. Bb5 Bd7 9. Nf3 Qe4+ 10. Be3 d4 11. Nxd4 Qxg2 12. Rf1 Rd8 13. Qe2 Nxd4 14. Bxd4 Ne7 15. 0-0-0 Bc6 16. Be3 Rxd1+ 17. Rxd1 Nf5 18. Nc3 Be7 19. Bxc6+ Qxc6 20. b4 axb4 21. axb4 0-0 22. Kb2 Ra8 23. Qb5 Nxe3 24. fxe3 Rd8 25. Qxc6 bxc6 26. Kb3 Rxd1 27. Nxd1 Bd8 28. Kc4 Bc7 29. Kd4 Kf8 30. Nf2 f6 31. exf6 gxf6 32. h3 Ke7 33. c4 e5+ 34. Kd3 f5 35. e4 f4 36. Ke2 h5 37. Nd3 Kf6 38. b5 Kg5 39. b6 Bb8 40. Nb4 Kh4 41. Kf3 Kxh3 42. Nxc6 Kh2 43. Nxb8 Kg1 44. Nc6 h4 45. Nxe5 1-0

[Event "FRA-chT Top 16 GpB"]
[Site "Chartres"]
[Date "2022.06.10"]
[Round "2.1"]
[White "Gennesseaux, Gabrielle"]
[Black "Steil Antoni, Fiona"]
[Result "0-1"]
[WhiteElo "1794"]
[BlackElo "2191"]
[PlyCount "62"]
[EventDate "2022.06.09"]
[EventType "team-tourn"]
[EventRounds "7"]
[EventCountry "FRA"]
[SourceTitle "CBM 208 Extra"]
[Source "ChessBase"]
[SourceDate "2022.07.31"]
[SourceVersion "1"]
[SourceVersionDate "2022.07.31"]
[SourceQuality "1"]
[WhiteTeam "Agen"]
[BlackTeam "Vandoeuvre"]
[WhiteTeamCountry "FRA"]
[BlackTeamCountry "FRA"]

1. e4 c6 2. d4 g6 3. Nf3 Bg7 4. c3 d5 5. e5 Bg4 6. Be2 e6 7. 0-0 Ne7 8. Nbd2 0-0 9. h3 Bxf3 10. Nxf3 c5 11. Bg5 h6 12. Bh4 Nbc6 13. Qd2 Qb6 14. Bf6 cxd4 15. Bxg7 Kxg7 16. cxd4 Rac8 17. Rac1 Rc7 18. g4 Rfc8 19. Rc3 Na5 20. Rfc1 Nc4 21. Qc2 Rc6 22. b3 Na3 23. Qd2 Rxc3 24. Rxc3 Nb1 25. Qf4 Nxc3 26. Qf6+ Kf8 27. Bd3 Ne4 28. Qf4 g5 29. Qe3 Qc7 30. Kg2 Qc1 31. Qe2 Nc3 0-1

[Event "BCF-chT 2122 (4NCL)"]
[Site "England"]
[Date "2022.05.01"]
[Round "8.37"]
[White "Price, Gwilym"]
[Black "Steil Antoni, Fiona"]
[Result "1/2-1/2"]
[WhiteElo "2097"]
[BlackElo "2189"]
[PlyCount "60"]
[EventDate "2021.11.27"]
[EventType "team-swiss"]
[EventRounds "11"]
[EventCountry "ENG"]
[SourceTitle "EXT 2023"]
[Source "ChessBase"]
[SourceDate "2022.10.05"]
[SourceVersion "1"]
[SourceVersionDate "2022.10.05"]
[SourceQuality "1"]
[WhiteTeam "Guildford Castles"]
[BlackTeam "Cheddleton"]
[WhiteTeamCountry "ENG"]
[BlackTeamCountry "ENG"]

1. e4 c6 2. d4 d5 3. e5 c5 4. dxc5 e6 5. a3 Bxc5 6. b4 Bb6 7. Qg4 Ne7 8. Qxg7 Rg8 9. Qxh7 Bd4 10. Ra2 Qb6 11. c3 Bxe5 12. Nf3 Bf6 13. Qd3 Bd7 14. Bf4 Nbc6 15. b5 Na5 16. Be5 Bxe5 17. Nxe5 Nc4 18. Nxd7 Kxd7 19. Nd2 Qxb5 20. Nxc4 Qxc4 21. Qxc4 dxc4 22. Bxc4 Rxg2 23. Rd2+ Kc7 24. h4 a6 25. Ke2 Nc6 26. Ke3 Rh8 27. Be2 Rg7 28. h5 Ne5 29. Rd4 Rh6 30. Rh3 f5 1/2-1/2

[Event "Titled Tuesday intern op 26th Apr Early"]
[Site "Chess.com INT"]
[Date "2022.04.26"]
[Round "3"]
[White "Lewicki, Miroslaw"]
[Black "Steil Antoni, Fiona"]
[Result "1-0"]
[WhiteElo "2340"]
[BlackElo "2189"]
[PlyCount "73"]
[EventDate "2022.04.26"]
[EventType "swiss (blitz)"]
[EventRounds "11"]
[EventCountry "USA"]
[SourceTitle "CBM 208 Extra"]
[Source "ChessBase"]
[SourceDate "2022.07.31"]
[SourceVersion "1"]
[SourceVersionDate "2022.07.31"]
[SourceQuality "1"]

1. f3 e5 2. Kf2 d5 3. g3 Bc5+ 4. Kg2 f5 5. c3 Nc6 6. b4 Bb6 7. a4 a6 8. Bb2 Nf6 9. b5 axb5 10. axb5 Rxa1 11. Bxa1 Ne7 12. d4 e4 13. Bb2 0-0 14. Nh3 h6 15. Na3 g5 16. Nf2 f4 17. Qb3 Kh7 18. c4 Nf5 19. c5 Ba7 20. Nc2 c6 21. bxc6 bxc6 22. Nb4 Bd7 23. Nd1 exf3+ 24. exf3 Re8 25. Bd3 Kg7 26. Qc2 Ne3+ 27. Nxe3 Rxe3 28. Bc1 Re7 29. gxf4 gxf4 30. Bxf4 Bb8 31. Qd2 Nh5 32. Bxh6+ Kh8 33. Bg5 Qg8 34. Kf2 Rg7 35. Rg1 Bf4 36. Bxf4 Rxg1 37. Be5+ 1-0

[Event "Titled Tuesday intern op 26th Apr Early"]
[Site "Chess.com INT"]
[Date "2022.04.26"]
[Round "4"]
[White "Steil Antoni, Fiona"]
[Black "Fiorito, Fabian"]
[Result "0-1"]
[WhiteElo "2189"]
[BlackElo "2356"]
[PlyCount "92"]
[EventDate "2022.04.26"]
[EventType "swiss (blitz)"]
[EventRounds "11"]
[EventCountry "USA"]
[SourceTitle "CBM 208 Extra"]
[Source "ChessBase"]
[SourceDate "2022.07.31"]
[SourceVersion "1"]
[SourceVersionDate "2022.07.31"]
[SourceQuality "1"]

1. e4 c6 2. d4 d5 3. exd5 cxd5 4. Bd3 Nc6 5. c3 Nf6 6. h3 g6 7. Nf3 Bg7 8. 0-0 0-0 9. Re1 Bf5 10. Bf4 Bxd3 11. Qxd3 e6 12. Nbd2 a6 13. Ne5 Rc8 14. Nxc6 Rxc6 15. Be5 Nd7 16. Bxg7 Kxg7 17. Nf3 Qa5 18. Ne5 Nxe5 19. dxe5 Rc4 20. Qf3 Rb8 21. Qf6+ Kg8 22. Re3 b5 23. Rf3 Qc7 24. Re1 b4 25. h4 h5 26. cxb4 Rbxb4 27. b3 Rxh4 28. g3 Rhe4 29. Rfe3 Rxe3 30. Rxe3 d4 31. Rf3 Qd7 32. Rd3 Rb5 33. g4 hxg4 34. Rg3 Qc7 35. Rxg4 Qxe5 36. Qd8+ Kg7 37. Rxd4 Qg5+ 38. Kf1 Qf5 39. Rd3 Rc5 40. Qd4+ Kh7 41. Qh4+ Kg7 42. Qd4+ Qe5 43. Qh4 Rc1+ 44. Kg2 Qh5 45. Qf4 Qh1+ 46. Kg3 Rg1# 0-1

[Event "Titled Tuesday intern op 26th Apr Early"]
[Site "Chess.com INT"]
[Date "2022.04.26"]
[Round "8"]
[White "Steil Antoni, Fiona"]
[Black "Rom, Jasper B"]
[Result "1-0"]
[WhiteElo "2189"]
[BlackElo "2202"]
[PlyCount "97"]
[EventDate "2022.04.26"]
[EventType "swiss (blitz)"]
[EventRounds "11"]
[EventCountry "USA"]
[SourceTitle "CBM 208 Extra"]
[Source "ChessBase"]
[SourceDate "2022.07.31"]
[SourceVersion "1"]
[SourceVersionDate "2022.07.31"]
[SourceQuality "1"]

1. e4 e6 2. Nf3 d5 3. e5 c5 4. b4 cxb4 5. a3 Qa5 6. Bb2 Nc6 7. axb4 Qxb4 8. Qc1 Bd7 9. Be2 Qb6 10. d4 Rc8 11. 0-0 Nh6 12. Na3 Nf5 13. Rd1 Na5 14. Rb1 Qc7 15. Bd3 Be7 16. Qf4 h6 17. g4 g5 18. Qd2 Nh4 19. Nxh4 gxh4 20. h3 Rg8 21. Kh2 Bg5 22. f4 Be7 23. Rf1 Nc4 24. Bxc4 dxc4 25. c3 b5 26. Nc2 Bc6 27. Ne3 Rd8 28. Qf2 Bb7 29. f5 Qc6 30. fxe6 Qxe6 31. Nf5 Bf8 32. Rbe1 Kd7 33. Bc1 Bd5 34. Ne3 Ke8 35. Qa2 a6 36. Nf5 Bb7 37. Qf2 Kd7 38. Re2 Kc8 39. Bf4 Qd5 40. Nd6+ Bxd6 41. exd6 Rde8 42. Be5 f6 43. Qxf6 Rgf8 44. Qxf8 Rxf8 45. Rxf8+ Kd7 46. Rf1 a5 47. Ref2 b4 48. Rf7+ Ke6 49. Re7# 1-0

[Event "Titled Tuesday intern op 26th Apr Early"]
[Site "Chess.com INT"]
[Date "2022.04.26"]
[Round "2"]
[White "Steil Antoni, Fiona"]
[Black "Tristan, Leonardo"]
[Result "0-1"]
[WhiteElo "2189"]
[BlackElo "2553"]
[PlyCount "70"]
[EventDate "2022.04.26"]
[EventType "swiss (blitz)"]
[EventRounds "11"]
[EventCountry "USA"]
[SourceTitle "CBM 208 Extra"]
[Source "ChessBase"]
[SourceDate "2022.07.31"]
[SourceVersion "1"]
[SourceVersionDate "2022.07.31"]
[SourceQuality "1"]

1. e4 d5 2. exd5 Qxd5 3. Nc3 Qa5 4. Nf3 Nf6 5. d4 Bf5 6. Bc4 e6 7. Bd2 Bb4 8. a3 Bxc3 9. Bxc3 Qb6 10. 0-0 0-0 11. h3 Nc6 12. Ne5 Nxe5 13. dxe5 Rad8 14. Qe2 Ne4 15. Rab1 Ng3 16. Qf3 Nxf1 17. Rxf1 Bxc2 18. g4 Qc5 19. Be2 Qd5 20. Qf4 c5 21. Bf3 Qd7 22. h4 b5 23. h5 h6 24. g5 hxg5 25. Qxg5 Qd3 26. h6 Qg6 27. Qxg6 Bxg6 28. hxg7 Kxg7 29. Kg2 Rh8 30. Bc6 a6 31. Kf3 Rh3+ 32. Kg4 Bf5+ 33. Kg5 b4 34. axb4 cxb4 35. Bxb4 Rd4 0-1

[Event "Titled Tuesday intern op 12th Apr Early"]
[Site "Chess.com INT"]
[Date "2022.04.12"]
[Round "7"]
[White "Araujo Filho, Luiz Antonio"]
[Black "Steil Antoni, Fiona"]
[Result "1-0"]
[WhiteElo "2089"]
[BlackElo "2189"]
[PlyCount "45"]
[EventDate "2022.04.12"]
[EventType "swiss (blitz)"]
[EventRounds "11"]
[EventCountry "USA"]
[SourceTitle "CBM 207 Extra"]
[Source "ChessBase"]
[SourceDate "2022.05.31"]
[SourceVersion "1"]
[SourceVersionDate "2022.05.31"]
[SourceQuality "1"]

1. d4 d6 2. c4 Nd7 3. Nc3 e5 4. e3 f5 5. b3 Ngf6 6. Bb2 Be7 7. Qc2 Nf8 8. 0-0-0 Bd7 9. dxe5 dxe5 10. Nd5 c6 11. Nxe7 Qxe7 12. Nf3 Ng6 13. h4 e4 14. h5 exf3 15. hxg6 fxg2 16. Bxg2 0-0-0 17. gxh7 Nxh7 18. Qc3 Nf6 19. Qa5 Kb8 20. Ba3 Rxh1 21. Bxh1 Qe8 22. Bd6+ Ka8 23. Bc5 1-0

[Event "Titled Tuesday intern op 12th Apr Early"]
[Site "Chess.com INT"]
[Date "2022.04.12"]
[Round "9"]
[White "Steil Antoni, Fiona"]
[Black "Fernandez Siles, Luis"]
[Result "1-0"]
[WhiteElo "2189"]
[BlackElo "2229"]
[PlyCount "173"]
[EventDate "2022.04.12"]
[EventType "swiss (blitz)"]
[EventRounds "11"]
[EventCountry "USA"]
[SourceTitle "CBM 207 Extra"]
[Source "ChessBase"]
[SourceDate "2022.05.31"]
[SourceVersion "1"]
[SourceVersionDate "2022.05.31"]
[SourceQuality "1"]

1. e4 e5 2. Bc4 Nf6 3. d3 Nc6 4. Nc3 Bb4 5. Nge2 d5 6. exd5 Nxd5 7. 0-0 Nxc3 8. Nxc3 0-0 9. Qh5 Bxc3 10. bxc3 Qf6 11. Bd2 Be6 12. Bg5 Qf5 13. Bxe6 Qxe6 14. Rfe1 f6 15. Bd2 Qf7 16. Qf3 Qd7 17. a4 a5 18. Rab1 b6 19. Qe4 Rad8 20. f4 Qd5 21. fxe5 Qxe4 22. Rxe4 Nxe5 23. Bf4 Rfe8 24. Rbe1 Kf7 25. Bxe5 Rxe5 26. Rxe5 fxe5 27. Rxe5 Rd6 28. Kf2 Kf6 29. Re4 Rd5 30. Ke3 g5 31. g4 Rc5 32. c4 Rc6 33. h3 h6 34. Re8 Kf7 35. Rh8 Re6+ 36. Kd4 Kg7 37. Rc8 c5+ 38. Kc3 Re3 39. Rc6 Rxh3 40. Rxb6 h5 41. gxh5 g4 42. Rg6+ Kf7 43. Rxg4 Rxh5 44. Rg1 Rh8 45. Rb1 Ke6 46. Rb5 Kd6 47. Rxa5 Rb8 48. Ra6+ Kd7 49. Kd2 Rb2 50. Ra5 Kc6 51. Rb5 Ra2 52. a5 Ra1 53. Ke3 Re1+ 54. Kd2 Ra1 55. Kc3 Ra3+ 56. Kb2 Ra4 57. c3 Kd6 58. Kb3 Ra1 59. d4 cxd4 60. cxd4 Rd1 61. Kc3 Ra1 62. c5+ Kd5 63. Rb8 Rxa5 64. Rd8+ Kc6 65. Rd6+ Kc7 66. Rh6 Ra1 67. Kc4 Rg1 68. Rh7+ Kc6 69. Rh6+ Kc7 70. Kd5 Rg5+ 71. Kc4 Rg4 72. Rf6 Rh4 73. Re6 Rg4 74. Kd5 Rg5+ 75. Re5 Rg7 76. Rh5 Rg6 77. Kc4 Rg4 78. Kd5 Rg7 79. Rh6 Rf7 80. Rh4 Rf5+ 81. Kc4 Rg5 82. d5 Rf5 83. Rh7+ Kd8 84. d6 Rf1 85. Kb5 Rf8 86. Kc6 Rg8 87. Ra7 1-0

[Event "Titled Tuesday intern op 12th Apr Early"]
[Site "Chess.com INT"]
[Date "2022.04.12"]
[Round "3"]
[White "Steil Antoni, Fiona"]
[Black "Nilsson, Joakim"]
[Result "0-1"]
[WhiteElo "2189"]
[BlackElo "2175"]
[PlyCount "98"]
[EventDate "2022.04.12"]
[EventType "swiss (blitz)"]
[EventRounds "11"]
[EventCountry "USA"]
[SourceTitle "CBM 207 Extra"]
[Source "ChessBase"]
[SourceDate "2022.05.31"]
[SourceVersion "1"]
[SourceVersionDate "2022.05.31"]
[SourceQuality "1"]

1. e4 c5 2. Nc3 Nc6 3. f4 g6 4. Nf3 Bg7 5. Bb5 Nd4 6. 0-0 a6 7. Bd3 d6 8. Nxd4 cxd4 9. Ne2 Nf6 10. c3 dxc3 11. dxc3 0-0 12. h3 Bd7 13. Kh2 Bc6 14. Ng3 b5 15. Qe2 Qc7 16. Be3 Qb7 17. Bd4 Rad8 18. Rad1 Rfe8 19. a4 e5 20. fxe5 dxe5 21. Bc5 Rxd3 22. Rxd3 Nxe4 23. Nxe4 Bxe4 24. Re3 f5 25. Rd1 Bh6 26. Rxe4 fxe4 27. Qg4 bxa4 28. Rd7 Bf4+ 29. Kh1 Qxb2 30. Rxh7 Qc1+ 31. Bg1 Kxh7 32. Qd7+ Kh6 33. Qxe8 Be3 34. Qh8+ Kg5 35. Qxe5+ Kh4 36. Qf6+ Kh5 37. Qh8+ Bh6 38. Qe5+ g5 39. Qxe4 Bg7 40. Qg4+ Kh6 41. Qe6+ Kh7 42. Qf5+ Kg8 43. Qe6+ Kf8 44. Qc8+ Kf7 45. Qd7+ Kg6 46. Qe6+ Bf6 47. Qe4+ Kh6 48. c4 a3 49. Qe6 Qb2 0-1

[Event "Titled Tuesday intern op 12th Apr Early"]
[Site "Chess.com INT"]
[Date "2022.04.12"]
[Round "4"]
[White "Steil Antoni, Fiona"]
[Black "Wesolowska, Hanna"]
[Result "0-1"]
[WhiteElo "2189"]
[BlackElo "1744"]
[PlyCount "60"]
[EventDate "2022.04.12"]
[EventType "swiss (blitz)"]
[EventRounds "11"]
[EventCountry "USA"]
[SourceTitle "CBM 207 Extra"]
[Source "ChessBase"]
[SourceDate "2022.05.31"]
[SourceVersion "1"]
[SourceVersionDate "2022.05.31"]
[SourceQuality "1"]

1. e4 c5 2. Nc3 e6 3. f4 a6 4. d3 b5 5. g3 Bb7 6. Bg2 b4 7. Nce2 Nf6 8. Nf3 d5 9. e5 Nfd7 10. c3 Be7 11. d4 0-0 12. 0-0 Nc6 13. Be3 a5 14. g4 Ba6 15. Rf2 Bxe2 16. Qxe2 bxc3 17. bxc3 cxd4 18. cxd4 Rb8 19. f5 Nb6 20. Raf1 Nc4 21. Bc1 Rb1 22. f6 gxf6 23. exf6 Bxf6 24. Ne5 Bxe5 25. dxe5 N6xe5 26. Bh6 Rxf1+ 27. Bxf1 Qb6 28. Qd1 Rb8 29. Bxc4 dxc4 30. Qd2 Nf3+ 0-1

[Event "ECF Charity Marathon UKR"]
[Site "Chess.com INT"]
[Date "2022.04.02"]
[Round "?"]
[White "Steil Antoni, Fiona"]
[Black "Hebden, Mark"]
[Result "0-1"]
[WhiteElo "2189"]
[BlackElo "2448"]
[PlyCount "98"]
[EventDate "2022.04.02"]
[EventType "swiss (blitz)"]
[EventRounds "74"]
[EventCountry "USA"]
[SourceTitle "CBM 207 Extra"]
[Source "ChessBase"]
[SourceDate "2022.05.31"]
[SourceVersion "1"]
[SourceVersionDate "2022.05.31"]
[SourceQuality "1"]

1. e4 e5 2. Bc4 Nf6 3. d3 Nc6 4. Nc3 Be7 5. f4 d6 6. Nf3 0-0 7. 0-0 exf4 8. Bxf4 Na5 9. Bb3 Nxb3 10. axb3 d5 11. e5 Ne8 12. d4 c6 13. Qd2 Nc7 14. Bg5 Bg4 15. Bxe7 Qxe7 16. Qf4 Bxf3 17. Rxf3 f5 18. Ne2 Ne6 19. Qd2 a6 20. c3 Rad8 21. b4 Kh8 22. Raf1 g6 23. Qh6 Qg5 24. Qxg5 Nxg5 25. Re3 Ne6 26. Nf4 Nxf4 27. Rxf4 Kg7 28. h4 b6 29. Rf1 a5 30. bxa5 bxa5 31. Ra1 Ra8 32. Ra2 Kf7 33. Re1 Rfb8 34. Kf2 Ke6 35. Kf3 h6 36. Kf4 g5+ 37. hxg5 hxg5+ 38. Kf3 Rh8 39. Rea1 Rab8 40. Rb1 Rb5 41. b3 f4 42. Ra3 Kf5 43. Rba1 g4+ 44. Kf2 Rh2 45. Rxa5 Rxb3 46. R1a2 Rxc3 47. Ra8 g3+ 48. Ke1 Re3+ 49. Kd1 Rd3+ 0-1

[Event "ECF Charity Marathon UKR"]
[Site "Chess.com INT"]
[Date "2022.04.02"]
[Round "?"]
[White "Steil Antoni, Fiona"]
[Black "Walker, David John"]
[Result "0-1"]
[WhiteElo "2189"]
[BlackElo "2271"]
[PlyCount "60"]
[EventDate "2022.04.02"]
[EventType "swiss (blitz)"]
[EventRounds "74"]
[EventCountry "USA"]
[SourceTitle "CBM 207 Extra"]
[Source "ChessBase"]
[SourceDate "2022.05.31"]
[SourceVersion "1"]
[SourceVersionDate "2022.05.31"]
[SourceQuality "1"]

1. e4 e5 2. Bc4 Nf6 3. d3 Nc6 4. Nc3 Bb4 5. Nge2 0-0 6. 0-0 Na5 7. h3 c6 8. a3 Be7 9. Ba2 d5 10. Bg5 d4 11. Nb1 c5 12. Nd2 Be6 13. f4 Bxa2 14. Rxa2 Nd7 15. Bxe7 Qxe7 16. f5 Rac8 17. b3 a6 18. Nf3 b5 19. a4 Nc6 20. axb5 Nb4 21. Ra5 axb5 22. Rxb5 Ra8 23. c3 dxc3 24. Nxc3 Qd6 25. Ne1 Qd4+ 26. Kh1 Qxc3 27. Rb7 Nf6 28. g4 h6 29. h4 Ra2 30. g5 Qb2 0-1

[Event "BCF-chT 2122 (4NCL)"]
[Site "England"]
[Date "2022.03.27"]
[Round "6.36"]
[White "Steil Antoni, Fiona"]
[Black "Yao, Lan"]
[Result "1-0"]
[WhiteElo "2189"]
[BlackElo "2288"]
[PlyCount "71"]
[EventDate "2021.11.27"]
[EventType "team-swiss"]
[EventRounds "11"]
[EventCountry "ENG"]
[SourceTitle "EXT 2023"]
[Source "ChessBase"]
[SourceDate "2022.10.05"]
[SourceVersion "1"]
[SourceVersionDate "2022.10.05"]
[SourceQuality "1"]
[WhiteTeam "Cheddleton"]
[BlackTeam "Wood Green Youth"]
[WhiteTeamCountry "ENG"]
[BlackTeamCountry "ENG"]

1. e4 d6 2. d4 Nf6 3. Bd3 e5 4. c3 Be7 5. Nf3 Nbd7 6. 0-0 0-0 7. Re1 c6 8. Nbd2 Re8 9. Nf1 Bf8 10. Ng3 g6 11. h3 Bg7 12. Be3 h6 13. Qd2 Kh7 14. Rad1 Qc7 15. Bb1 b5 16. Nh2 Bb7 17. f4 c5 18. fxe5 dxe5 19. d5 Qd6 20. Rf1 Rac8 21. b3 Nb6 22. Rf3 Rf8 23. Rdf1 Rc7 24. Rxf6 Bxf6 25. Bxh6 Rh8 26. Ng4 Bh4 27. Bg5 Kg8 28. Bxh4 Rxh4 29. Qg5 Rxg4 30. hxg4 c4 31. b4 Nd7 32. Nf5 Qb6+ 33. Kh1 Nf8 34. Ne7+ Kg7 35. d6 Nh7 36. Rxf7+ 1-0

[Event "Titled Tuesday intern op 22nd Feb Early"]
[Site "Chess.com INT"]
[Date "2022.02.22"]
[Round "3"]
[White "Popadic, Dragan"]
[Black "Steil Antoni, Fiona"]
[Result "1-0"]
[WhiteElo "2143"]
[BlackElo "2163"]
[PlyCount "71"]
[EventDate "2022.02.22"]
[EventType "swiss (blitz)"]
[EventRounds "11"]
[EventCountry "USA"]
[SourceTitle "CBM 207 Extra"]
[Source "ChessBase"]
[SourceDate "2022.05.31"]
[SourceVersion "1"]
[SourceVersionDate "2022.05.31"]
[SourceQuality "1"]

1. e4 e5 2. d4 exd4 3. Qxd4 Nc6 4. Qe3 Nge7 5. Nc3 Ng6 6. Bd2 d6 7. 0-0-0 Be7 8. h4 Bxh4 9. g3 Be7 10. f4 Bg4 11. Be2 Bxe2 12. Ngxe2 Qd7 13. Kb1 0-0-0 14. Nd5 Rhe8 15. Nec3 h6 16. Nb5 Bf6 17. Nxa7+ Nxa7 18. Qxa7 Qb5 19. Bc3 Bxc3 20. Nxc3 Qa6 21. Qxa6 bxa6 22. Rd5 Ne7 23. Ra5 Kb7 24. Rd1 Nc6 25. Ra4 g5 26. a3 gxf4 27. gxf4 Rg8 28. Rh1 Rg4 29. f5 Rh8 30. Rh5 Rg5 31. Rh3 h5 32. Nd5 h4 33. Rb3+ Kc8 34. Rxa6 Kd7 35. Rc3 h3 36. Raxc6 1-0